Statystyki dla Guzior - PLEŚŃ

Kliknij tutaj aby rozwiązać quiz!

Ogólne statystyki

  • Ten quiz został rozwiązany 180 razy
  • Średni wynik to 8 z 10

Statystyki odpowiedzi

NumerGośćUtwór% Poprawnych
6Oskar83FALA
99%
2BLUEBERRY
97%
8KUSHKOMA
90%
4KukonBOILER ROOM
87%
3TRAPSTAR
87%
9SzpakuSOWA
85%
1ZAKAS
81%
72018
74%
5WTC
70%
10FALA (SEQUEL)
68%

Rozkład punktacji

Percentyl według liczby udzielonych odpowiedzi

Procent ludzi z każdym wynikiem

Twoja historia wyników

Nie rozwiązałeś tego quizu